000 00605nam a2200217Ia 4500
003 OSt
005 20220925231814.0
006 a|||||r|||| 00| 0
007 ta
008 220923b |||||||| |||| 00| 0 eng d
037 _cGeneral Book
040 _aRTL
_cRTL
_beng
041 _2eng
_aeng
082 _aB331, K9/SC
100 _aHILLE Einar
245 0 _aLectures on ordinary differential equations.
260 _aMassachusetts
_bAddison Weslay Publishing Co.
_c1969
300 _axi,723p.
_ccm.
942 _hB331, K9/SC
_cGB
_2CC
999 _c589474
_d589474